| 000 | 00455nam a2200169Ia 4500 | ||
|---|---|---|---|
| 008 | 230917s9999||||xx |||||||||||||| ||und|| | ||
| 020 | _cGBP24.99 | ||
| 040 |
_e245499 _aMAIN |
||
| 041 | _aEnglish | ||
| 082 | _a809.93372 A34U | ||
| 100 | _aAshcroft, Bill | ||
| 245 | 0 | _aUtopianism in postcolonial literatures | |
| 260 |
_aRoutledge _bOxon _c2017 |
||
| 300 | _axii, 225 p. | ||
| 500 | _a3027 29/01/2018 RBP18/68862 05/02/2018 Main Budget | ||
| 942 | _cBK | ||
| 999 |
_c25768 _d25768 |
||